01001cam a2200289 a 450000100040000000500170000402000180002104000230003905000240006208200120008610000240009824500790012225000440020126000210024530000400026649000310030650000240033750500080036152001690036952100200053852100200055865000260057865000200060465000230062465000330064770000310068080420260311092309.0 a9780545689496 aDLCcDLCdDLCbeng00aPZ7.O81167bAb 201100aFic2231 aOsborne, Mary Pope.10aAbe Lincoln at last! cby Mary Pope Osborne ; illustrated by Sal Murdocca. aFirst scholastic printing, January 2014 aNew York :c2011 a114 pages :billustrations ;c20 cm0 aMagic tree house vBook 47 a"A Merlin Mission." aI  aThe magic tree house whisks Jack and Annie to Washington D.C. in the 1860s where they meet Abraham Lincoln and collect a feather that will help break a magic spell. a470 bLexile  aI bRaz-Plus  1aTime travelvFiction. 1aMagicvFiction. 1aSiblingsvFiction. 1aPresidentsxFamilyvFiction.1 aMurdocca, Saleillustrator